000 00569ntaaa2200205 4500
003 01
005 20251027203048.0
008 0714s1973 ag 01
020 _a0940232057
040 _aAR-BaBN
_bspa
_cAR-BaBN
_eaacr
_dRIC
082 _a242.1000 G99u
100 _aGuyon, Jeanne MarĂ­a Bouvier de la Mothe, 1648-1771
_931857
245 _aUnion with God
250 _a1 ed.
260 _aAugusta,MA :
_bChristian Books,
_c1981
300 _a117 p ;
_c19,5 cm
500 _aIncluye 22 de las poemas de Madame Guyon
650 _aVida espiritual
_9658
942 _cBK
999 _c26006
_d26006